Personnage One Piece par les yeux #2 - Statistiques

Statistiques générales
  • Ce quiz a été pris 1 393 fois
  • Le résultat moyen est 11 sur 12
Statistiques - réponses
Par images Réponse % Correct
Big mom
99%
Brook
98%
Robin
98%
Eustass Kid
97%
Garp
97%
Sabo
97%
Barbe noire
95%
Kuma
95%
Moria
94%
Law
91%
Corazon
88%
Apoo
80%
Aucun quiz correspondant
Distribution des résultats
% des personnes avec chaque résultat
Percentile par nombre de réponses
Votre historique - résultats
Vous n’avez pas pris ce quiz